000 00411nam a2200181Ia 4500
001 1284
005 20260306140621.0
008 260306t1992||||xx |||||||||||||| ||spa||
041 _aESP
082 _a193
_bA25
100 _aAdorno, Theodor W.
_eAUT
245 0 _aDialéctica negativa
260 _c1992
300 _a409 páginas :
_c21 cm.
650 _aGEN
654 _aCHU
942 _cLIB
_dJUS
_fJUS
_2ddc
_n
999 _c1284
_d1284